00498nam a2200157Ia 450000500170000000800460001703700180006304000200008104100130010108400300011410000190014424501170016326000090028030000090028954600420029820250508155843.0008 250505s9999 xx 000 0 eng d aDissertations aFEDLbengcFEDL aeng2eng a301.440 954, SIN/DIqFEDL aSinghal Nalini 0aSocial acceptance and rejection as affected by the socio-economic status of the girl students of the tenth grade c1960 a61p. aM.Ed. Dissertation (Delhi University)